Welcome to the NCPD Library & Documentation Unit

Facts and figures on population and development. (Record no. 3230)

MARC details
000 -LEADER
fixed length control field 00447cas a2200145 a 4500
050 00 - LIBRARY OF CONGRESS CALL NUMBER
Classification number HB3662.5.A3
082 ## - DEWEY DECIMAL CLASSIFICATION NUMBER
Classification number 305.3 KEN;
245 00 - TITLE STATEMENT
Title Facts and figures on population and development.
260 ## - PUBLICATION, DISTRIBUTION, ETC. (IMPRINT)
Place of publication Kwale [Kenya] :
Name of publisher National Coordinating Agency for Population and Development
Year of publication 2016
300 ## - PHYSICAL DESCRIPTION
Number of Pages ii.27p :
Other physical details col. ill., col. maps ;
650 #0 - SUBJECT ADDED ENTRY--TOPICAL TERM
Topical Term Population forecasting
650 #7 - SUBJECT ADDED ENTRY--TOPICAL TERM
Topical Term Population.
650 #7 - SUBJECT ADDED ENTRY--TOPICAL TERM
Topical Term Population forecasting.
942 ## - ADDED ENTRY ELEMENTS (KOHA)
Koha item type Long Loan Books

No items available.